200 animaux - Statistiques

Statistiques générales
  • Ce quiz a été pris 339 fois
  • Le résultat moyen est 77 sur 200
Statistiques - réponses
Réponse % Correct
Chat
96%
Chien
95%
Lion
93%
Éléphant
91%
Girafe
85%
Vache
84%
Cheval
83%
Tigre
83%
Chauve souris
82%
Poule
82%
Requin
81%
Cochon
80%
Rat
80%
Chèvre
79%
Serpent
79%
Souris
79%
Lapin
78%
Mouton
77%
Poisson
77%
Singe
77%
Ours
76%
Zèbre
76%
Aigle
73%
Dauphin
73%
Araignée
71%
Loup
71%
Guépard
70%
Rhinocéros
70%
Coq
69%
Gorille
67%
Renard
66%
Âne
65%
Crocodile
65%
Hippopotame
65%
Jaguar
63%
Léopard
63%
Abeille
62%
Canard
61%
Fourmi
61%
Hamster
61%
Koala
61%
Sanglier
61%
Pigeon
60%
Taureau
60%
Cerf
59%
Veau
59%
Kangourou
58%
Panda
58%
Moustique
57%
Perroquet
57%
Pie
57%
Tortue
57%
Lièvre
55%
Mouche
55%
Papillon
55%
Hibou
53%
Panthère
53%
Biche
52%
Guêpe
52%
Lézard
51%
Pingouin
50%
Alligator
49%
Antilope
49%
Chouette
49%
Otarie
49%
Chameau
48%
Grenouille
48%
Loutre
48%
Orque
48%
Dromadaire
47%
Escargot
47%
Hyène
47%
Oie
46%
Lama
45%
Autruche
44%
Bouc
44%
Écureuil
44%
Manchot
44%
Coccinelle
43%
Dinde
43%
Chimpanzé
42%
Gazelle
42%
Crabe
41%
Paon
41%
Brebis
40%
Corbeau
40%
Puma
40%
Castor
39%
Chevreuil
39%
Iguane
38%
Vautour
38%
Chenille
37%
Crapaud
37%
Hérisson
37%
Limace
37%
Babouin
36%
Bison
36%
Boa
36%
Buffle
36%
Elan
36%
Pieuvre
36%
Raton laveur
36%
Scorpion
36%
Frelon
35%
Étoile de mer
34%
Lémurien
34%
Mouette
34%
Flamant rose
33%
Méduse
33%
Paresseux
33%
Hippocampe
32%
Jument
32%
Renne
32%
Agneau
31%
Caméléon
31%
Crevette
31%
Furet
31%
Sauterelle
31%
Taupe
31%
Vipère
31%
Anaconda
30%
Caïman
30%
Faucon
30%
Moineau
29%
Tapir
29%
Marmotte
28%
Ver de terre
28%
Blaireau
27%
Cobra
27%
Libellule
27%
Perruche
27%
Poney
26%
Cafard
25%
Goéland
25%
Homard
25%
Huître
25%
Ouistiti
25%
Ragondin
24%
Anguille
23%
Bonobo
23%
Couleuvre
23%
Daim
23%
Alpaga
22%
Cachalot
22%
Faisan
22%
Hirondelle
22%
Putois
22%
Belette
21%
Pélican
21%
Béluga
20%
Colibri
20%
Emeu
20%
Fouine
19%
Langouste
19%
Chacal
17%
Punaise
17%
Chinchilla
16%
Lamantin
16%
Tamanoir
16%
Albatros
15%
Cigale
15%
Grizzly
15%
Merle
15%
Carpe
14%
Coyote
14%
Capybara
13%
Mille pattes
13%
Gecko
12%
Gibbon
12%
Balaine
11%
Diable de Tasmanie
11%
Impala
11%
Marsouin
11%
Mulet
11%
Wombat
10%
Cacatoès
9%
Geai
9%
Lycaon
9%
Serval
9%
Wallaby
9%
Épervier
8%
Caracal
6%
Coucou
6%
Alouette
5%
Cormoran
5%
Ibis
5%
Rossignol
5%
Capucin
4%
Gavial
4%
Ratel
4%
Barracuda
3%
Lévrier
3%
Dik Dik
2%
Fossa
1%
Pagolin
1%
Bécassine
0%
Chimère
0%
Cicindèle
0%
Goliath
0%
Kulan
0%
Aucun quiz correspondant
Distribution des résultats
% des personnes avec chaque résultat
Percentile par nombre de réponses
Votre historique - résultats
Vous n’avez pas pris ce quiz